000 00846nam a22002657a 4500
001 000717
003 DO-SdBNP
005 20220322091003.0
007 000717
008 161117b 2009 sp a ||||| |||| 00| 0 spa d
020 _a9788444101576
040 _aBPMSU
_bspa
_cBPMSU
082 _axxxx
_bxxxx
100 1 _aLópez Gómez, Luisa M.
245 1 0 _aEl rey león :
_baprendo con la S y la B /
_celaborados por Luisa M. López Gómez.
246 _aAprendo con la S y la B
260 _aLeón :
_bEverest Internacional,
_c2009.
300 _a31 p. :
_bil. ;
_c22 cm.
490 1 _aAprendo con las vocales y los fonemas
_v8
500 _aPrecede al título: Disney
830 0 _aAprendo con las vocales y los fonemas ;
_v8
942 _2ddc
_cBK
945 _aInventariado, 2018/ YL
956 _2LOPEREZ
_310
_620161117
_8BPMSU
_a00041
999 _c11994
_d11994